| 000 -LEADER |
| fixed length control field |
00783nam a22001817a 4500 |
| 005 - DATE AND TIME OF LATEST TRANSACTION |
| control field |
20240313121427.0 |
| 008 - FIXED-LENGTH DATA ELEMENTS--GENERAL INFORMATION |
| fixed length control field |
240313s1982 ru ||||| |||| 00| 0 rus d |
| 041 ## - LANGUAGE CODE |
| Language code of text/sound track or separate title |
rus |
| 080 ## - UNIVERSAL DECIMAL CLASSIFICATION NUMBER |
| Universal Decimal Classification number |
94(395) Д-58 |
| 100 ## - MAIN ENTRY--PERSONAL NAME |
| Personal name |
Доватур, А. И. |
| 9 (RLIN) |
21410 |
| 245 ## - TITLE STATEMENT |
| Title |
Народы нашей страны в "Истории" Геродота : |
| Remainder of title |
Тексты. Перевод. Комментарий / |
| Statement of responsibility, etc. |
А.И. Доватур, Д.П. Каллистов, И.А. Шишова. |
| 264 ## - PRODUCTION, PUBLICATION, DISTRIBUTION, MANUFACTURE, AND COPYRIGHT NOTICE |
| Place of production, publication, distribution, manufacture |
Москва : |
| Name of producer, publisher, distributor, manufacturer |
Наука, |
| Date of production, publication, distribution, manufacture, or copyright notice |
1982. |
| 300 ## - PHYSICAL DESCRIPTION |
| Extent |
454 с. ; |
| Other physical details |
22 см. |
| 653 ## - INDEX TERM--UNCONTROLLED |
| keyword |
ძველი სამყაროს ისტორია |
| 700 ## - ADDED ENTRY--PERSONAL NAME |
| Personal name |
Каллистов, Д. П. |
| Relator term |
ავტორი |
| 9 (RLIN) |
21411 |
| 700 ## - ADDED ENTRY--PERSONAL NAME |
| Personal name |
Шишова, И. А. |
| Relator term |
ავტორი |
| 9 (RLIN) |
21412 |
| 942 ## - ADDED ENTRY ELEMENTS (KOHA) |
| Source of classification or shelving scheme |
|
| Koha item type |
წიგნი |